African Union Pan African analytical foundations / (Record no. 125706)
[ view plain ]
| 000 -LEADER | |
|---|---|
| fixed length control field | 00969cam a2200325Ia 4500 |
| 001 - CONTROL NUMBER | |
| control field | 7883449 |
| 003 - CONTROL NUMBER IDENTIFIER | |
| control field | ARRUPE |
| 005 - DATE AND TIME OF LATEST TRANSACTION | |
| control field | 20161110120142.0 |
| 008 - FIXED-LENGTH DATA ELEMENTS--GENERAL INFORMATION | |
| fixed length control field | 060420s2006 xxka 001 0 eng d |
| 020 ## - INTERNATIONAL STANDARD BOOK NUMBER | |
| International Standard Book Number | 9781905068166 |
| 020 ## - INTERNATIONAL STANDARD BOOK NUMBER | |
| International Standard Book Number | 1905068166 |
| 024 ## - OTHER STANDARD IDENTIFIER | |
| Standard number or code | 99938360729 |
| 035 ## - SYSTEM CONTROL NUMBER | |
| System control number | (OCoLC)67246327 |
| 035 ## - SYSTEM CONTROL NUMBER | |
| System control number | (OCoLC)ocm67246327\ |
| 035 ## - SYSTEM CONTROL NUMBER | |
| System control number | (NNC)7883449 |
| 040 ## - CATALOGING SOURCE | |
| Original cataloging agency | DHU |
| Transcribing agency | DHU |
| Modifying agency | YDX |
| -- | CUI |
| -- | YDXCP |
| 043 ## - GEOGRAPHIC AREA CODE | |
| Geographic area code | f------ |
| 050 #4 - LIBRARY OF CONGRESS CALL NUMBER | |
| Classification number | DT30.5 |
| Item number | .D65 2006 |
| 300 ## - PHYSICAL DESCRIPTION | |
| Other physical details | ill. ; |
| Dimensions | 24 cm. |
| 100 1# - MAIN ENTRY--PERSONAL NAME | |
| Personal name | Dompere, K. K. |
| 9 (RLIN) | 27381 |
| 245 10 - TITLE STATEMENT | |
| Title | African Union Pan African analytical foundations / |
| Statement of responsibility, etc | by Kofi Kissi Dompere. |
| 250 ## - EDITION STATEMENT | |
| Edition statement | 1st ed. |
| 260 ## - PUBLICATION, DISTRIBUTION, ETC. (IMPRINT) | |
| Place of publication, distribution, etc | London : |
| Name of publisher, distributor, etc | Adonis & Abbey Publishers Ltd., |
| Date of publication, distribution, etc | c2006. |
| 300 ## - PHYSICAL DESCRIPTION | |
| Extent | xiv, 256 p. : |
| 504 ## - BIBLIOGRAPHY, ETC. NOTE | |
| Bibliography, etc | Includes bibliographical references (p.221-240) and indexes. |
| 610 20 - SUBJECT ADDED ENTRY--CORPORATE NAME | |
| Corporate name or jurisdiction name as entry element | African Union. |
| 9 (RLIN) | 27382 |
| 650 #0 - SUBJECT ADDED ENTRY--TOPICAL TERM | |
| Topical term or geographic name as entry element | Pan-Africanism. |
| 9 (RLIN) | 3229 |
| 942 ## - ADDED ENTRY ELEMENTS (KOHA) | |
| Source of classification or shelving scheme | Library of Congress Classification |
| Koha item type | Monograph ( Printed materials) |
| 948 1# - LOCAL PROCESSING INFORMATION (OCLC); SERIES PART DESIGNATOR (RLIN) | |
| Series part designator, SPT (RLIN) | 20101209 |
| b (OCLC) | c |
| c (OCLC) | sl13 |
| d (OCLC) | MPS |
| Withdrawn status | Lost status | Source of classification or shelving scheme | Damaged status | Not for loan | Collection code | Home library | Current library | Shelving location | Date acquired | Total Checkouts | Full call number | Barcode | Date last seen | Date checked out | Price effective from | Koha item type |
|---|---|---|---|---|---|---|---|---|---|---|---|---|---|---|---|---|
| Library of Congress Classification | Main Collection | ARRUPE LIBRARY | ARRUPE LIBRARY | Main Collection | 10/11/2016 | 9 | DT30 .D673 2006 | 46500009952 | 01/09/2021 | 08/04/2021 | 10/11/2016 | Monograph ( Printed materials) |